000 00635nam a2200181Ia 4500
003 IN-BaIIA
008 211028s9999 xx s 000 0 eng d
020 _a9781510630468 (Print)
020 _a9781510630475 (Online)
040 _cIIA Library
100 _aZhu, Jianqiang, ed.
_941181
245 0 _a14th National Conference on Laser Technology and Optoelectronics (LTO 2019)
_h[eBook]
260 _aWashington, USA
_bSPIE
_c2019
300 _aOnline resource
490 _aProceedings of SPIE; V. 11170
856 _uhttps://www.spiedigitallibrary.org/conference-proceedings-of-spie/11170
_yClick Here to Access eBook
942 _cEB
999 _c22553
_d22553